| 000 | 00582nam a2200193 a 4500 | ||
|---|---|---|---|
| 001 | 1727 | ||
| 003 | CDMR | ||
| 005 | 20130515135711.0 | ||
| 008 | 130130s1978||||||||||||||||||||||||||||d | ||
| 020 | _a8436800990 | ||
| 040 |
_aCDMR _bcat _cCDMR |
||
| 100 | 1 |
_aCebrián Herreros, Mariano _9240 |
|
| 245 | 1 | 0 |
_aIntroducción al lenguaje de la televisión _b: una perspectiva semiótica _cMariano Cebrian Herreros |
| 260 |
_aMadrid _c1978 _bPirámide |
||
| 490 | 0 | _aInformación y comunicación | |
| 650 | 0 |
_92084 _aComunicació audiovisual |
|
| 650 | 0 |
_91282 _aSemiòtica |
|
| 942 |
_cMON _2udc |
||
| 999 |
_c1727 _d1727 |
||